000 00660nam a2200217 a 4500
001 BRCA_3733
005 20190320204412.0
008 150909s1864----nyua---###---#000-0#eng-#
041 _aeng
044 _anyu
050 4 _aE405.1
_b.S36 1864
100 1 _aScott, Winfield
_d1786-1866
_99713
245 1 0 _aMemoirs of lieut
_bGeneral Scott, LL. D.
_cWritten by Himsel.
260 _aNew York
_bSheldon
_c1864
300 _a2 v.
_bil., retratos
_c20 cm.
500 _aB357
651 4 _aMéxico
_xHistoria
_yGuerra con Estados Unidos, 1845-1848
_99714
651 4 _aEstados Unidos
_xHistoria
_yGuerra con México, 1845-1848
_99715
902 _aGFM
942 _2lcc
_cB
999 _c3462
_d3462